Faculty of Law Library — Cairo University

Official Online Catalog

تنظيم لجنة الخدمة المدنية في الولايات المتحدة الأمريكية / (Record no. 43371)

MARC details
000 -LEADER
fixed length control field 01704nam a2200337 i 4500
003 - CONTROL NUMBER IDENTIFIER
control field EG-GICUC
005 - DATE AND TIME OF LATEST TRANSACTION
control field 20260314154335.0
008 - FIXED-LENGTH DATA ELEMENTS--GENERAL INFORMATION
fixed length control field 251116b1969 ua ||||f |||| 00| 0 ara d
040 ## - CATALOGING SOURCE
Original cataloging agency EG-GICUC
Transcribing agency EG-GICUC
Modifying agency EG-GICUC
Description conventions rda
Language of cataloging ara
041 ## - LANGUAGE CODE
Language code of text/sound track or separate title ara
082 04 - DEWEY DECIMAL CLASSIFICATION NUMBER
Edition number 21
Classification number 345.4073
Item number ق س . ت
092 04 - LOCALLY ASSIGNED DEWEY CALL NUMBER (OCLC)
Edition number 21
099 ## - LOCAL FREE-TEXT CALL NUMBER (OCLC)
Classification number Law1 07 345.4073 ق س . ت 1969
110 ## - MAIN ENTRY--CORPORATE NAME
Corporate name or jurisdiction name as entry element قسم التحليل الإداري بجهاز الخدمة المدنية في الولايات المتحدة الأمريكية
Relator term مؤلف.
245 10 - TITLE STATEMENT
Title تنظيم لجنة الخدمة المدنية في الولايات المتحدة الأمريكية /
Statement of responsibility, etc. إعداد قسم التحليل الإداري بجهاز الخدمة المدنية في الولايات المتحدة الأمريكية ؛ ترجمة دكتور محمد عفيفي حمودة.
264 #1 - PRODUCTION, PUBLICATION, DISTRIBUTION, MANUFACTURE, AND COPYRIGHT NOTICE
Place of production, publication, distribution, manufacture القاهرة :
Name of producer, publisher, distributor, manufacturer جامعة الدول العربية-المنظمة العربية للعلوم الإدارية، مركز البحوث الإدارية،
Date of production, publication, distribution, manufacture, or copyright notice 1969.
300 ## - PHYSICAL DESCRIPTION
Extent 16 صفحة :
Other physical details إيضاحيات ؛
Dimensions 24 سم.
336 ## - CONTENT TYPE
Source rda content
Content type term text
337 ## - MEDIA TYPE
Source rda media
Media type term Computer
338 ## - CARRIER TYPE
Source rda carrier
Carrier type term Online Resource
490 ## - SERIES STATEMENT
Volume/sequential designation 3
546 ## - LANGUAGE NOTE
Language note النص باللغة العربية مترجم من الانجليزية
650 1# - SUBJECT ADDED ENTRY--TOPICAL TERM
Topical term or geographic name entry element الخدمة المدنية
650 1# - SUBJECT ADDED ENTRY--TOPICAL TERM
Topical term or geographic name entry element الوظيفة العامة
650 1# - SUBJECT ADDED ENTRY--TOPICAL TERM
Source of heading or term qrmak
Topical term or geographic name entry element القانون الإداري
651 1# - SUBJECT ADDED ENTRY--GEOGRAPHIC NAME
Source of heading or term qrmak
Geographic name الولايات المتحدة الأمريكية
700 ## - ADDED ENTRY--PERSONAL NAME
Personal name محمد عفيفي حمودة
Relator term مترجم.
856 40 - ELECTRONIC LOCATION AND ACCESS
Uniform Resource Identifier <a href="https://fll.law.cu.edu.eg/fulltext/bks/B07-00293.pdf">https://fll.law.cu.edu.eg/fulltext/bks/B07-00293.pdf</a>
905 ## - Cataloger and Reviser Names
Cataloger Name:
Revisor Name: Yara
942 ## - ADDED ENTRY ELEMENTS (KOHA)
Source of classification or shelving scheme Dewey Decimal Classification
Suppress in OPAC No
Koha item type Books
Edition 21
Holdings
Withdrawn status Lost status Source of classification or shelving scheme Damaged status Not for loan Collection Home library Current library Date acquired Total checkouts Full call number Barcode Date last seen Copy number Price effective from Koha item type
    Dewey Decimal Classification   Not for loan القانون الإداري جــــامعة القــاهرة مكتبة كلية الحقوق - المبنى الرئيسي 16.11.2025   Law1 07 345.4073 ق س . ت 1969 0700293 C1 B07-00293 16.11.2025 1 16.11.2025 Books

© All rights reserved — Faculty of Law, Cairo University